Střípky z ložnic /
Ve Střípkách z ložnic se dočtete, jak se změní vztah, když se z manželských ložnic namísto milostných vzdechů začne ozývat dětský pláč.
Uloženo v:
| Hlavní autor: | |
|---|---|
| Médium: | E-kniha |
| Jazyk: | Czech |
| Vydáno: |
Praha :
BELAMI,
2026
|
| Tagy: |
Žádné tagy |
| LEADER | 01043nam a22002297i 4500 | ||
|---|---|---|---|
| 001 | 313955 | ||
| 007 | ta | ||
| 008 | 260625s2026 xr ||||| |||| 00| 0 cze d | ||
| 020 | |a 9788087166277 | ||
| 044 | |a xr | ||
| 100 | 1 | |a Monyová, Simona |4 aut | |
| 245 | 1 | 0 | |a Střípky z ložnic / |c Monyová, Simona |
| 264 | 1 | |a Praha : |b BELAMI, |c 2026 | |
| 300 | |a 1 online zdroj (144 stran) | ||
| 336 | |a text |b txt |2 rdacontent | ||
| 337 | |a bez média |b n |2 rdamedia | ||
| 338 | |a online zdroj |b cr |2 rdacarrier | ||
| 520 | 2 | |a Ve Střípkách z ložnic se dočtete, jak se změní vztah, když se z manželských ložnic namísto milostných vzdechů začne ozývat dětský pláč. | |
| 910 | |a RBIT002 | ||
| 998 | |d 427982 |a https://core.palmknihy.cz/api/books/427982/cover?th44dn |b https://core.palmknihy.cz/api/books/427982/cover/400?th44dn |c https://core.palmknihy.cz/api/books/427982/cover/50?th44dn |e |g 144 |i 9788087166277 |j https://core.palmknihy.cz/api/books/427982/preview.epub |l |q 49 |r 1 |s https://www.palmknihy.cz/kniha/427982 |t ebook |y 2026 |z 1 | ||
| 999 | |d 313953 | ||